| 000 | 00918nam0a22002531 4500 | ||
|---|---|---|---|
| 001 | rc\3389251 | ||
| 005 | 20130115154250.1 | ||
| 035 | _a(NLR Aleph) 007456915 | ||
| 090 |
_a7275657 _c7275657 |
||
| 100 | _a20130115d1971 |||y0rusy50 ca | ||
| 101 | 0 | _arus | |
| 102 | _aRU | ||
| 105 | _aa z ||||| | ||
| 200 | 1 |
_aРадиорелейная станция Р-405 _eУчеб. пособие _fЛенингр. воен. инж. краснознам. акад. им. А.Ф. Можайского |
|
| 210 |
_aЛенинград _cБ. и. _d1971 |
||
| 215 |
_a150 с., 4 л. схем. _cил. _d21 |
||
| 333 | _aДля служебного пользования. Экз. № 5 | ||
| 532 | 1 | 1 | _aРадиорелейная станция Р - четыреста пять |
| 700 | 1 |
_aАнашкин _bВ. А. |
|
| 801 | 0 |
_aRU _bNLR _gpsbo |
|
| 801 | 1 |
_aRU _bELAR _2rusmarc |
|
| 852 |
_aNLR _j72-50к/948 |
||
| 942 | _cBOOK | ||
| 980 | _aNB | ||